| 000 | 00910cab a2200229 4500 | ||
|---|---|---|---|
| 001 | WB3433-02 | ||
| 008 | 090401t1998 xxu||||| |||| 00| 0 eng d | ||
| 035 | _a(Sirsi) u88130 | ||
| 041 | _aeng | ||
| 245 | _aCraftsmen sought | ||
| 260 | _c1998 | ||
| 350 | _a0 | ||
| 490 |
_aBuilding _v263(8053) 21 August 1998, 11(1) |
||
| 520 | _aThe Construction Conferation wants to recruit skilled craftsmen to help solve certain disputes using their `practical` knowledge. | ||
| 650 | _aMANAGEMENT-DISPUTE AVOIDANCE, MANAGEMENT AND RESOLUTION-DISPUTE MANAGEMENT AND RESOLUTION-ALTERNATIVE DISPUTE RESOLUTION-ADJUDICATION-ADJUDICATORS | ||
| 650 | _aCRAFTSMEN | ||
| 650 | _aHOUSING GRANTS CONSTRUCTION AND REGENERATION ACT 1996 | ||
| 650 | _aSKILLED LABOUR | ||
| 690 | _aMANAGEMENT-DISPUTE AVOIDANCE, MANAGEMENT AND RESOLUTION-DISPUTE MANAGEMENT AND RESOLUTION-ARBITRATION | ||
| 942 | _n0 | ||
| 948 | _c25/08/1998 | ||
| 999 |
_c55671 _d55671 |
||